000 00347nam a2200133Ia 4500
008 240624s9999 xx 000 0 und d
041 _aeng
082 _a920 BAL
100 _aBALI VYJAYANTIMALA
245 _aBONDING A MEMOIR
260 _c2007
_aNew Delhi
_bStellar Publishers Pvt. Ltd.
300 _axiii, : 409 : p. : cm. ; 25
365 _cRS
_b20
999 _c6871
_d6871